| 000 | 00408pab a2200145 454500 | ||
|---|---|---|---|
| 008 | 180718b1986 xxu||||| |||| 00| 0 eng d | ||
| 100 | _aHarriss, Barbara | ||
| 245 |
_aMeals and noon meals in South India _bParadoxes of targeting |
||
| 260 | _c1986 | ||
| 300 | _a401-10 | ||
| 362 | _aOct.-Dec. | ||
| 650 | _aNutrition - India - Tamilnadu | ||
| 773 | _aPublic Administration and Development | ||
| 909 | _a14128 | ||
| 999 |
_c14128 _d14128 |
||